000 00638nam a2200265Ia 4500
005 20260121124414.0
008 008 260114s9999 xx 000 0 eng d
020 _a9783110805031
037 _aEBOOK
040 _aCRL
040 _beng
040 _cCRL
041 _2eng
041 _aeng
084 _qCRL
100 _aThompson, Ewa M.
_9975446
245 0 _aRussian Formalism and Anglo-American New Criticism
260 _bDe Gruyter
260 _bWalter de Gruyter
260 _c1971
856 _uhttp://www.degruyter.com/isbn/9783110805031
942 _cEBOOK
999 _c1554334
_d1554334